01771cam a2200301 i 450000500170000000800410001701500190005802000150007702000180009204000780011004100080018804200080019604300120020408200180021624500740023426000520030830000590036050503800041952002280079961000580102761000480108565000600113365000310119371000290122494200150125399900150126895201860128320160119043333.0150326s2004 dcua 000 0 eng c aGBA4Y29772bnb a1588341097 a9781588341099 aDLCcYUSdDLCdYDXdBTCTAdUKMdBDXdOCLCFdOCLCAdOCLCQdDLCdCO-BoIAVH  aeng apcc an-us-dc04a002.074bO32o00aOfficial guide to the Smithsonian National Museum of Natural History. aWashington [D.C.] :bSmithsonian Books,cc2004. avii, 158 paáginas :bilustraciones a color ;c24 cm.00tWelcome to the Museum. -- National Museum of Natural History: Where Wonders Never Cease. -- The Architecture of Excellence. -- Once Upon a Museum. -- Building the Collections. -- Spencer Fullerton Baird: The Passionate Collector. -- Outgrowing the Attic. -- Collecting for the Future. -- Learning from the Collections. -- Why Do We Need So Many Beetles?. -- The Museum Today, aPresenta una guía ilustrada para el Museo Nacional de Historia Natural en Washington DC, e incluye más de doscientas fotografías a color de mamíferos, fósiles, gemas y minerales, y las culturas antiguas del mundo.2 aMuseo Nacional de Historia Natural (EE.UU.)vGuías.27aMuseo Nacional de Historia Natural (EE.UU.)14aMuseos de historia naturalzWashington (D.C.)vGuías.24aMuseos de historia natural2 aSmithsonian Institution. 2ddccLIBRO c5100d5100 00102ddc40708GENERALIINV2017aBogotabBogotad2006-01-06eInstitutog39000.00l1oLB-002.074 O32op022775r2018-05-02 00:00:00s2018-04-17tEj. 1w2012-12-04xDonaciónyLIBRO